| 000 | 00546nam a22002057a 4500 | ||
|---|---|---|---|
| 005 | 20170124105941.0 | ||
| 010 | _aA-798191 | ||
| 020 | _c00.00 | ||
| 035 | _aA-798191 | ||
| 037 | _bCen Lib/Ret | ||
| 040 |
_aDPL _bEN |
||
| 082 |
_a280.5 _bWEB |
||
| 100 |
_aWebster, John C.B. _93685 |
||
| 245 |
_aThe pastor to dalits / _cby John C.B. Webster |
||
| 260 |
_bISPCK _c1995 |
||
| 300 |
_axi, 144p. _c21cm(Hb) |
||
| 650 |
_aChristian _xDalits _911223 |
||
| 650 |
_aHistorical aspects _911224 |
||
| 942 |
_2ddc _cEN _h280.5 _mWEB |
||
| 999 |
_c124578 _d124578 |
||